[Event "CFriend CP-2005-P-00051"]
[Site "Chessfriend.com"]
[Date "2005.10.01"]
[Round "1"]
[White "Ross, Oscar"]
[Black "Van Tricht, Marcel"]
[Result "0-1"]
[WhiteElo "2000"]
[BlackElo "2247"]
[PlyCount "50"]
[EventDate "2005.??.??"]
[EventType "tourn (corr)"]
[EventRounds "4"]
[SourceTitle "Corr 2008"]
[Source "ChessBase"]
[SourceDate "2008.06.24"]
[SourceVersion "1"]
[SourceVersionDate "2008.06.24"]
[SourceQuality "1"]

1. d4 d5 2. c4 c6 3. Nc3 e6 4. Nf3 Nf6 5. e3 Nbd7 6. Bd3 dxc4 7. Bxc4 b5 8. Bd3 a6 9. e4 c5 10. e5 cxd4 11. Nxb5 Nxe5 12. Nxe5 axb5 13. 0-0 Qd5 14. Qe2 Ba6 15. Ng4 Bb7 16. Nxf6+ gxf6 17. Bxb5+ Kd8 18. f3 Bd6 19. a4 Rg8 20. Qf2 Ke7 21. b3 Qe5 22. g3 Rxg3+ 23. hxg3 Rg8 24. f4 Qd5 25. Qh2 Qxb3 0-1

[Event "CFriend AP-2005-Q-00013 email"]
[Site "Chessfriend.com"]
[Date "2005.07.11"]
[Round "1"]
[White "Brugger, Andreas"]
[Black "Ross, Oscar"]
[Result "1-0"]
[WhiteElo "1900"]
[BlackElo "2000"]
[PlyCount "51"]
[EventDate "2005.??.??"]
[EventType "tourn (corr)"]
[EventRounds "12"]
[SourceTitle "Corr 2024"]
[Source "ChessBase"]
[SourceDate "2023.10.19"]
[SourceVersion "1"]
[SourceVersionDate "2023.10.19"]
[SourceQuality "1"]

1. c4 Nf6 2. Nc3 c5 3. Nf3 d5 4. cxd5 Nxd5 5. d4 Nxc3 6. bxc3 e6 7. e4 Be7 8. Bd3 0-0 9. 0-0 cxd4 10. cxd4 Nc6 11. Bb2 Bd7 12. Rc1 Rc8 13. a3 Qb6 14. Rb1 Qc7 15. d5 Nb8 16. Be5 Bd6 17. Bxd6 Qxd6 18. Rxb7 exd5 19. exd5 a5 20. a4 h6 21. Re1 Bg4 22. h3 Bxf3 23. Qxf3 Nd7 24. Bb5 Nf6 25. Bc6 Rb8 26. Rb5 1-0

[Event "CFriend AP-2005-Q-00013 email"]
[Site "Chessfriend.com"]
[Date "2005.07.11"]
[Round "1"]
[White "Ross, Oscar"]
[Black "Boschek, Hajo"]
[Result "0-1"]
[WhiteElo "2000"]
[BlackElo "2157"]
[PlyCount "62"]
[EventDate "2005.??.??"]
[EventType "tourn (corr)"]
[EventRounds "12"]
[SourceTitle "Corr 2024"]
[Source "ChessBase"]
[SourceDate "2023.10.19"]
[SourceVersion "1"]
[SourceVersionDate "2023.10.19"]
[SourceQuality "1"]

1. d4 d5 2. c4 e6 3. Nc3 c6 4. e4 dxe4 5. Nxe4 Bb4+ 6. Bd2 Qxd4 7. Bxb4 Qxe4+ 8. Qe2 Nf6 9. f3 Qxe2+ 10. Nxe2 b6 11. Bd6 c5 12. a3 Ba6 13. Nc3 Nc6 14. b4 Nd4 15. Ra2 Nf5 16. Bf4 Rd8 17. Kf2 Ke7 18. bxc5 bxc5 19. Rb2 Rd7 20. Be2 Nd4 21. Bd1 Nf5 22. Re1 Rhd8 23. Be2 h6 24. Na4 Rc8 25. Rb8 Rdd8 26. Rxc8 Rxc8 27. Bd3 Nd6 28. Rc1 g5 29. Bxd6+ Kxd6 30. Nc3 Rb8 31. Nb5+ Bxb5 0-1

[Event "CFriend AP-2005-Q-00013 email"]
[Site "Chessfriend.com"]
[Date "2005.07.11"]
[Round "1"]
[White "Ross, Oscar"]
[Black "Ramponelli, Roberto"]
[Result "1/2-1/2"]
[WhiteElo "2000"]
[BlackElo "1950"]
[PlyCount "46"]
[EventDate "2005.??.??"]
[EventType "tourn (corr)"]
[EventRounds "12"]
[SourceTitle "Corr 2024"]
[Source "ChessBase"]
[SourceDate "2023.10.19"]
[SourceVersion "1"]
[SourceVersionDate "2023.10.19"]
[SourceQuality "1"]

1. Nf3 Nf6 2. c4 e6 3. d4 b6 4. g3 Ba6 5. b3 Bb4+ 6. Bd2 Be7 7. Bg2 c6 8. 0-0 0-0 9. Nc3 d5 10. cxd5 cxd5 11. Rc1 Nbd7 12. a4 Ba3 13. Rc2 Qe7 14. Qb1 Rac8 15. Re1 Bb4 16. Rec1 Bb7 17. Bf4 a6 18. Na2 Bd6 19. Bxd6 Qxd6 20. e3 Rxc2 21. Rxc2 Ne4 22. Nc3 Ndf6 23. Ne5 Nxc3 1/2-1/2

[Event "CFriend AP-2005-Q-00013 email"]
[Site "Chessfriend.com"]
[Date "2005.07.11"]
[Round "1"]
[White "Ross, Oscar"]
[Black "Salzmann, Stefan"]
[Result "0-1"]
[WhiteElo "2000"]
[BlackElo "2334"]
[PlyCount "68"]
[EventDate "2005.??.??"]
[EventType "tourn (corr)"]
[EventRounds "12"]
[SourceTitle "Corr 2024"]
[Source "ChessBase"]
[SourceDate "2023.10.19"]
[SourceVersion "1"]
[SourceVersionDate "2023.10.19"]
[SourceQuality "1"]

1. d4 Nf6 2. c4 e6 3. Nc3 Bb4 4. e3 0-0 5. Bd3 d5 6. Nge2 c5 7. 0-0 cxd4 8. exd4 dxc4 9. Bxc4 Nc6 10. Bg5 Be7 11. Rc1 b6 12. Qa4 Bb7 13. Rfd1 Na5 14. Bd3 Rc8 15. Bxf6 Bxf6 16. Qc2 g6 17. Be4 Bg5 18. Bxb7 Nxb7 19. f4 Bf6 20. d5 exd5 21. Rxd5 Qe7 22. Qd2 Nc5 23. Rd1 Rfe8 24. Rd6 b5 25. b4 Bxc3 26. Nxc3 Ne4 27. Nxe4 Qxe4 28. Rd3 Rc4 29. Rd4 Rxd4 30. Qxd4 Qc2 31. Rd2 Qb1+ 32. Kf2 h5 33. a3 Qe1+ 34. Kf3 a6 0-1